000
00311nam a22001457a 4500
003
SGT
020
_a
9781473608795
082
_a
791.43
_b
BUC
100
_a
BUCKLAND WARREN
245
_a
FILM STUDIES AN INTRODUCTION
260
_a
U K
_c
2015
_b
OXFORD PUB
300
_a
220
650
_a
BJMC
942
_2
ddc
_c
BK
999
_c
32131
_d
32131